000 005800000a22001810004500
999 _c48133
_d48133
001 954
003 CO-MdFUSB
005 20180710150134.0
008 180212b xxu||||| |||| 00| 0 eng d
020 _a0-8374-0039-2
040 _cCO-MdBIC
082 0 4 _a032 B81c
100 1 _aFortunato, Pat
245 1 0 _aCharlie Browns Cyclopedia
260 _aNew Jersey : Funk & Wagnalls
505 0 0 _aVolumen 1 Your Amazing Body Volumen 2 Animals through the ages Volumen 3 Blast off to space Volumen 4 Creatures of land and sea Volumen 5 cars, trains, and Other wheels
942 _cLGB